000 00483nam a22001457a 4500
008 250522b |||||||| |||| 00| 0 eng d
020 _a9781848546226
050 _aHM851
_b.S34 2013
100 _aSchmiot Eric
245 _aThe New Digital Age:
_b Reshaping the Future of People Nation and Business
260 _aLondon
_bJohn Murray
_c2013
300 _a353p.
650 _aDigital Media - Social Aspects - Forecasting
_vDigital Media - Political Aspects - Forecasting
942 _cBK
999 _c3591
_d3591